000 00290nam a22001217a 4500
008 171124b xxu||||| |||| 00| 0 eng d
041 _aeng
080 _a62
100 _a26
101 _aIM
245 _aTHE FIRE OF LIFE AN INTRODUCTION TO ANIMAL ENERGETICS
_cKLEIBER,M
942 _2udc
_cBK
999 _c38418
_d38418